000 01228pam a2200217 4500
001 8332
005 20181127185646.0
008 920403s1994 ilua 001 0 eng
010 _a 92010948
020 _a0830412883
082 0 0 _a070.4/49796
_220
100 1 _aAnderson, Douglas A.
245 1 0 _aContemporary sports reporting /
_cDouglas A. Anderson.
250 _a2nd ed.
260 _aChicago :
_bNelson-Hall,
_cc1994.
300 _axvi, 327 p. :
_bill. ;
_c23 cm.
500 _aIncludes index.
505 _aCONTENTS : Introduction to sports reading: 1. Trends in sports reporting -- 2. Philosophies of sports reporting -- 3. Precontest coverage. II. Coverage of revenue-producing sports: 4. Football -- 5. Basketball. III. Coverage of non-revenue-producing sports: 6.Baseball. 7. Golf. 8. Gymnastics. 9.Swimming. 10. Tennis. 11. Track and field. 12. Volleyball. 13. Wrestling. IV. Coverage beyond stadiums and arenas: 14. Features. 15. Columns. 16. Ratings and all star team. 17. Courtrooms and boardrooms. 18. In depth reporting. V.Working the sports desk: 19. Designing pages. 20. Legal considerations.
_g
_r
_t
650 0 _aSports journalism
_xHistory
_y20th century.
999 _c7196
_d7196